ბათუმის შოთა რუსთაველის სახელმწიფო უნივერსიტეტის ბიბლიოთეკა

შეზღუდული პასუხსიმგებლობის საზოგადოება პრაკტიკაში : (ბიბ.ჩანაწერი № 36362)

000 -ლიდერი
ფიქსირებული სიგრძის საკონტროლო ველი 01313nam a2200241Ia 4500
001 - საკონტროლო ნომერი
საკონტროლო ველი 2274
003 - საკონტროლო ნომრის იდენტიფიკატორი
საკონტროლო ველი GE_BSU
005 - ბოლო ოპერაციის თარიღი და დრო
საკონტროლო ველი 20190501105714.0
008 - ფიქსირებული სიგრძის მონაცემთა ელემენტები - ზოგადი ინფორმაცია
ფიქსირებული სიგრძის საკონტროლო ველი 181216s2002||||ge |||||||||||||| ||geo||
040 ## - კატალოგიზაციის წყარო
Transcribing agency GE_BSU
041 ## - ენის კოდი
Language code of text/sound track or separate title geo
080 ## - უნივერსალური ათობითი კლასიფიკაციის ინდექსი
Universal Decimal Classification number 336.2+657 პ–18
100 ## - მთავარი ჩანაწერი - პიროვნების სახელი
Personal name პაპასქუა, იური.
9 (RLIN) 564
245 ## - ცნობა სათაურის შესახებ
Title შეზღუდული პასუხსიმგებლობის საზოგადოება პრაკტიკაში :
Remainder of title საწარმოთა ყველაზე გავრცელებული ორგანიზაციულ–სამართლებრივი ფორმა /
Statement of responsibility, etc იური პაპასქუა; რედ.: იაკობ მესხია.
264 ## - წარმოების, გამოცემის, დისტრიბუციის და სხვა ცნობები
გამოცემის, წარმოების, დისტრიბუციის... ადგილი თბილისი :
გამოცემის, წარმოების, დისტრიბუციის... სახელწოდება ბიზნეს-კურიერი,
გამოცემის, წარმოების, დისტრიბუციის... თარიღი 2002.
300 ## - ფიზიკური აღწერა
Extent 192 გვ.;
Other physical details 19 სმ.
490 ## - სერიის ცნობა
Series statement მეწარმის სამაგიდო წიგნი
653 ## - INDEX TERM--UNCONTROLLED
Uncontrolled term სამართალი;
653 ## - INDEX TERM--UNCONTROLLED
Uncontrolled term საწამეო სამართალი;
653 ## - INDEX TERM--UNCONTROLLED
Uncontrolled term შეზღუდული პასუხისმგებლობის საზოგადოება.
700 ## - ADDED ENTRY--PERSONAL NAME
Personal name მესხია, იაკობ
Relator term რედაქტორი
9 (RLIN) 565
942 ## - ADDED ENTRY ELEMENTS (KOHA)
Koha item type წიგნი
Source of classification or shelving scheme
ეგზემპლარები
ჩამოწერის სტატუსი დაკარგული ეგზემპლარის სტატუსი კლასიფიკაციის წყარო ან თაროზე გაწყობის სქემა დაზიანების სტატუსი არ გაიცემა მუდმივი მდებარეობა (დაცვის ადგილი) ამჟამინდელი ადგილსამყოფელი თაროზე განთავსების ადგილი შეძენის თარიღი ღირებულება, შესყიდვის ნორმალური ფასი სრული შენახვის შიფრი შტრიხკოდი ბოლო ოპერაციის თარიღი ეგზემპლარის მიმდევრობითი ნომერი (კეტერი?) ფასის ძალაში შესვლის თარიღი ეგზემპლარის სახეობა საჯარო შენიშვნა
          ბათუმის შოთა რუსთაველის სახელმწიფო უნივერსიტეტის მთავარი ბიბლიოთეკა ბათუმის შოთა რუსთაველის სახელმწიფო უნივერსიტეტის მთავარი ბიბლიოთეკა წიგნსაცავი 2018-12-17 20.00 336.2+657 პ–18 4001 2018-12-17 4001 2018-12-17 წიგნი 20 ლ.
          ბათუმის შოთა რუსთაველის სახელმწიფო უნივერსიტეტის მთავარი ბიბლიოთეკა ბათუმის შოთა რუსთაველის სახელმწიფო უნივერსიტეტის მთავარი ბიბლიოთეკა წიგნსაცავი 2018-12-17 20.00 336.2+657 პ–18 4002 2018-12-17 4002 2018-12-17 წიგნი 20 ლ.